000 00508nam a2200157 i 4500
001 89915
003 ES-MaACL
007 t|
008 050117s1929 fr ||||1| fre d
100 1 _aLattes, Leone.
_970565
245 1 2 _aL'individualité du sang en Biologie, en Clinique et en Medecine legale /
_cLeone Lattes, préface du E. Jeanbrau.
260 _aParis :
_b[s.n.],
_c1929 (
_eNiort :
_fTh. Martin)
300 _aXI, 314 p. ;
_c23 c m.
700 1 _aJeanbrau, Emile.
_966239
852 _aES-MaACL
_jE-846
999 _c89915
_d89915